| 000 | 01396cam a22003497a 4500 | ||
|---|---|---|---|
| 003 | CHAP | ||
| 005 | 20220329142600.0 | ||
| 008 | 020131d2001 mx d r 00110 spa d | ||
| 010 | _a85261 | ||
| 011 | _a86233 | ||
| 035 | _a96771 | ||
| 040 | _cCHAP | ||
| 090 | _aTesis | ||
| 100 | 0 | 0 |
_aOchoa Galicia, Carlos Octavio. _982668 |
| 245 | 1 | 0 |
_aEstructura, comportamiento, tecnologías y rentabilidad de la producción de frijol en el Distrito de Desarrollo Rural 075 Texcoco, Estado de México _c/por Carlos Octavio Ochoa Galicia |
| 260 |
_aChapingo, Méx. : _bEl autor, _c2001. |
||
| 300 |
_a58 h. : _bcuadros |
||
| 502 | _aTesis (Lic. en Comercio Internacional de Productos Agropecuarios) -- UACH. División de Ciencias Económico-Administrativas | ||
| 590 |
_aALEPH _b10 _c20130110 _lUCH01 _h1445 |
||
| 590 |
_aBATCH-UPD _b10 _c20130110 _lUCH01 _h0814 |
||
| 590 |
_aBATCH-UPD _b10 _c20130410 _lUCH01 _h0451 |
||
| 590 |
_aBATCH-UPD _b10 _c20130914 _lUCH01 _h1443 |
||
| 590 |
_aCONVERSION _b10 _c20130109 _lUCH01 _h1347 |
||
| 650 | 1 | 4 |
_aDistrito de Desarrollo Rural Texcoco, Méx. _932816 |
| 650 | 1 | 4 |
_aFrijol _xRendimiento. _943429 |
| 650 | 1 | 4 |
_aFrijol _zMéxico (Edo.). _943456 |
| 901 | _aBK | ||
| 905 | _aMarco A. Mendoza T. | ||
| 942 | _cFOLL | ||
| 949 |
_aTesis _bBC _cTES _d33724000860706 _eTS2 _fc.2 _gDonaciØn _h39054 _i96771 _sb |
||
| 949 |
_aTesis _bBC _cTES _d967711 _eTS1 _gDonaciØn _h39053 _i96771 _sb |
||
| 999 |
_c85261 _d85261 |
||